000
00294 a2200145 4500
001
164586
020
_a
040
_c
Magnum
100
_a
Camargo, Rafael
240
1
0
_a
Que belo horizonte !
_l
por
245
1
0
_a
Que belo horizonte !
362
0
_a
1899
697
_a
J/ROMANCE
942
_c
BK
999
_c
164586
_d
164586